| 000 | 00600nam a22001577a 4500 | ||
|---|---|---|---|
| 003 | OSt | ||
| 005 | 20160823091945.0 | ||
| 008 | 160822b xxu||||| |||| 00| 0 eng d | ||
| 040 | _cRUA | ||
| 082 | _aAGI LOR 2015 B512 Or.1 | ||
| 100 |
_99344 _aLORN CHAMRAEUN; លន ចំរើន |
||
| 245 | _aComposition analysis of macronutrition and micronutrition in fish and other aquatic animal species. ការញែកខៃតូសានពីសម្បកបង្គាដោយសារធាតុគីមី | ||
| 260 |
_aRUA _bLOR _c2015 |
||
| 300 |
_aviii.34p. _bill. _c29cm. |
||
| 942 |
_2ddc _cAGI |
||
| 999 |
_c8997 _d8997 |
||